[Event "SA-2016-0-00556"]
[Site "LSS email"]
[Date "2016.12.20"]
[Round "?"]
[White "Ardila Barrera, Fernando"]
[Black "Eman, Juan"]
[Result "1/2-1/2"]
[WhiteElo "2330"]
[BlackElo "2225"]
[PlyCount "99"]
[EventDate "2016.11.27"]
[EventType "tourn (corr)"]
[EventRounds "6"]
[EventCountry "GER"]
[SourceTitle "Corr 2022"]
[Source "ChessBase"]
[SourceDate "2021.10.24"]
[SourceVersion "1"]
[SourceVersionDate "2021.10.24"]
[SourceQuality "1"]

1. d4 Nf6 2. c4 e6 3. Nf3 b6 4. g3 Ba6 5. b3 Bb4+ 6. Bd2 Be7 7. Bg2 c6 8. Bc3 d5 9. Nbd2 Nbd7 10. 0-0 0-0 11. Re1 c5 12. e4 dxe4 13. Nxe4 Nxe4 14. Rxe4 Bb7 15. Re2 Bf6 16. Rd2 Qe7 17. Qe2 Rad8 18. Rad1 a5 19. Ne5 cxd4 20. Nxd7 Rxd7 21. Bxb7 Rfd8 22. Bc6 Rd6 23. Bb2 Rxc6 24. Qf3 Qe8 25. Bxd4 Rcd6 26. Bxf6 Rxd2 27. Bxd8 Rxd8 28. a3 g6 29. b4 axb4 30. axb4 Rxd1+ 31. Qxd1 Qe7 32. Qd2 Kf8 33. Qc3 Qd6 34. Kg2 Ke7 35. h4 Kd7 36. c5 bxc5 37. bxc5 Qd5+ 38. Kg1 e5 39. Qb4 Kc6 40. Qb6+ Kd7 41. Kh2 h5 42. Kg1 Qd1+ 43. Kg2 Qd5+ 44. Kh2 Qd4 45. Qb7+ Ke8 46. c6 Qxf2+ 47. Kh3 Qf1+ 48. Kh2 Qf2+ 49. Kh3 Qf1+ 50. Kh2 1/2-1/2

[Event "SA-2016-0-00556"]
[Site "LSS email"]
[Date "2016.12.20"]
[Round "?"]
[White "Kudr, Roman"]
[Black "Ardila Barrera, Fernando"]
[Result "1/2-1/2"]
[WhiteElo "2225"]
[BlackElo "2330"]
[PlyCount "67"]
[EventDate "2016.11.27"]
[EventType "tourn (corr)"]
[EventRounds "6"]
[EventCountry "GER"]
[SourceTitle "Corr 2022"]
[Source "ChessBase"]
[SourceDate "2021.10.24"]
[SourceVersion "1"]
[SourceVersionDate "2021.10.24"]
[SourceQuality "1"]

1. e4 e5 2. Nf3 Nc6 3. d4 exd4 4. Nxd4 Nf6 5. Nxc6 bxc6 6. Qe2 Rb8 7. e5 Nd5 8. Nd2 Be7 9. Qe4 0-0 10. Bd3 g6 11. 0-0 d6 12. Nf3 Re8 13. Qa4 c5 14. Bb5 Nb6 15. Qa5 Bd7 16. Bxd7 Nxd7 17. exd6 cxd6 18. Qxa7 Bf6 19. c3 Ne5 20. Nxe5 Bxe5 21. Rd1 Re6 22. Qa4 d5 23. Qc2 Qf6 24. Be3 d4 25. cxd4 cxd4 26. Bc1 h5 27. Qd3 Qe7 28. Rb1 Qb4 29. b3 Bg7 30. Bb2 Rbe8 31. Rf1 Re2 32. a3 Rd2 33. Qxg6 fxg6 34. axb4 1/2-1/2

[Event "SA-2016-0-00556"]
[Site "LSS email"]
[Date "2016.12.20"]
[Round "?"]
[White "Ress, Jacques"]
[Black "Ardila Barrera, Fernando"]
[Result "1/2-1/2"]
[WhiteElo "2261"]
[BlackElo "2330"]
[PlyCount "125"]
[EventDate "2016.11.27"]
[EventType "tourn (corr)"]
[EventRounds "6"]
[EventCountry "GER"]
[SourceTitle "Corr 2022"]
[Source "ChessBase"]
[SourceDate "2021.10.24"]
[SourceVersion "1"]
[SourceVersionDate "2021.10.24"]
[SourceQuality "1"]

1. e4 e5 2. Nf3 Nc6 3. Bb5 a6 4. Ba4 Nf6 5. 0-0 Be7 6. Re1 b5 7. Bb3 d6 8. c3 0-0 9. h3 Re8 10. d4 Bb7 11. Nbd2 exd4 12. cxd4 Nd7 13. Nf1 Na5 14. Bc2 Bf6 15. Ng3 g6 16. Rb1 c5 17. d5 Nc4 18. Nh2 Nde5 19. b3 Nb6 20. Rf1 Rb8 21. f4 Ned7 22. Ng4 Bg7 23. f5 Qh4 24. Qf3 Ne5 25. Nxe5 Bxe5 26. Ne2 Rf8 27. Rf2 Nd7 28. g3 Qe7 29. Bh6 Bg7 30. Qe3 Bxh6 31. Qxh6 Rfe8 32. Rbf1 Qf8 33. Qd2 Ne5 34. fxg6 hxg6 35. Rf6 Bc8 36. Kg2 Rb6 37. Ng1 Qe7 38. Qg5 c4 39. Nf3 Nxf3 40. R1xf3 Rb7 41. b4 Rc7 42. g4 Qe5 43. Qxe5 dxe5 44. g5 Rd8 45. h4 Ra7 46. Ra3 Rad7 47. Kg3 Rd6 48. Raf3 R8d7 49. Bd1 Rxf6 50. Rxf6 Ra7 51. h5 gxh5 52. Bxh5 Rc7 53. Bd1 c3 54. Bc2 Kg7 55. Kf3 Ra7 56. Rb6 Bd7 57. Ke3 a5 58. bxa5 Rxa5 59. Kd3 Rxa2 60. Kxc3 Kf8 61. Rf6 Ke8 62. Rh6 Bg4 63. Rb6 1/2-1/2

[Event "RA-2016-0-00483"]
[Site "LSS email"]
[Date "2016.11.20"]
[Round "?"]
[White "Sorcinelli, Andrea"]
[Black "Ardila Barrera, Fernando"]
[Result "1/2-1/2"]
[WhiteElo "2056"]
[BlackElo "2326"]
[PlyCount "80"]
[EventDate "2016.10.30"]
[EventType "tourn (corr)"]
[EventRounds "6"]
[EventCountry "GER"]
[SourceTitle "Corr 2022"]
[Source "ChessBase"]
[SourceDate "2021.10.24"]
[SourceVersion "1"]
[SourceVersionDate "2021.10.24"]
[SourceQuality "1"]

1. d4 Nf6 2. Nf3 e6 3. Bg5 c5 4. e3 Qb6 5. Nbd2 Qxb2 6. Bxf6 gxf6 7. Be2 Nc6 8. 0-0 cxd4 9. Rb1 Qa3 10. Nxd4 Nxd4 11. exd4 Bg7 12. Ne4 0-0 13. Rb3 Qe7 14. Ng3 Kh8 15. Re1 f5 16. Nh5 Rg8 17. Bf3 Rb8 18. c4 b6 19. c5 Ba6 20. Nxg7 Rxg7 21. Qc1 Qg5 22. d5 Qxc1 23. Rxc1 exd5 24. Bxd5 Rg4 25. cxb6 Rxb6 26. Re3 Kg7 27. Re7 Bb5 28. f3 Rd4 29. Bxf7 Kf6 30. Rce1 Re4 31. fxe4 Kxe7 32. Bg8 h5 33. exf5+ Kf6 34. Bb3 a5 35. Kf2 Bc6 36. Re2 Kxf5 37. g3 Rb4 38. Rd2 h4 39. Bd1 Ke5 40. Re2+ Be4 1/2-1/2

[Event "RA-2016-0-00483"]
[Site "LSS email"]
[Date "2016.11.20"]
[Round "?"]
[White "Van Gysel, Marc"]
[Black "Ardila Barrera, Fernando"]
[Result "1/2-1/2"]
[WhiteElo "2006"]
[BlackElo "2326"]
[PlyCount "91"]
[EventDate "2016.10.30"]
[EventType "tourn (corr)"]
[EventRounds "6"]
[EventCountry "GER"]
[SourceTitle "Corr 2022"]
[Source "ChessBase"]
[SourceDate "2021.10.24"]
[SourceVersion "1"]
[SourceVersionDate "2021.10.24"]
[SourceQuality "1"]

1. d4 Nf6 2. Nf3 d5 3. g3 g6 4. Bg2 c6 5. c4 dxc4 6. 0-0 Bg7 7. a4 Ne4 8. Qc2 Nd6 9. e4 0-0 10. Na3 Na6 11. Rd1 Be6 12. Qe2 Qc8 13. Bg5 Re8 14. Rac1 Qd8 15. Bf4 Nc7 16. Ng5 Rc8 17. Be5 Bh6 18. Nxe6 Nxe6 19. Ra1 Qb6 20. Nxc4 Qb4 21. b3 Rcd8 22. Nxd6 exd6 23. Bf6 Rc8 24. Qb2 Bg5 25. Bxg5 Nxg5 26. d5 Nxe4 27. dxc6 bxc6 28. Rd4 Qc3 29. Qxc3 Nxc3 30. Rxd6 Red8 31. Rxd8+ Rxd8 32. Re1 Nd5 33. Rc1 Ne7 34. Kf1 Kg7 35. Rc4 Rd6 36. Ke2 Kf6 37. b4 Ke6 38. g4 h6 39. f4 Nd5 40. h4 Nb6 41. Rxc6 Nxa4 42. Rxd6+ Kxd6 43. Kd3 f6 44. Kd4 Nb6 45. Bb7 Nd7 46. Ke3 1/2-1/2

[Event "OP-2016-0-04183"]
[Site "LSS email"]
[Date "2016.10.17"]
[Round "?"]
[White "Ardila Barrera, Fernando"]
[Black "Vontina, Maria"]
[Result "1-0"]
[WhiteElo "2328"]
[BlackElo "776"]
[PlyCount "55"]
[EventDate "2016.10.09"]
[EventType "tourn (corr)"]
[EventRounds "4"]
[EventCountry "GER"]
[SourceTitle "Corr 2022"]
[Source "ChessBase"]
[SourceDate "2021.10.24"]
[SourceVersion "1"]
[SourceVersionDate "2021.10.24"]
[SourceQuality "1"]

1. d4 Nf6 2. c4 d5 3. Nf3 e6 4. Nc3 Be7 5. Bf4 0-0 6. Rc1 c6 7. e3 Nbd7 8. a3 a6 9. c5 Re8 10. h3 Nf8 11. Bd3 Ng6 12. Na4 Nxf4 13. exf4 Qc7 14. g3 h6 15. Nb6 Rb8 16. a4 Bd8 17. a5 Qe7 18. 0-0 Nd7 19. Kg2 Nxb6 20. axb6 Qf8 21. h4 f6 22. Bg6 Re7 23. Re1 Bd7 24. h5 Be8 25. Nh4 Bf7 26. f5 exf5 27. Nxf5 Rxe1 28. Qxe1 1-0

[Event "OP-2016-0-04183"]
[Site "LSS email"]
[Date "2016.10.17"]
[Round "?"]
[White "Cabrera Trujillo, Claudio Tomas"]
[Black "Ardila Barrera, Fernando"]
[Result "0-1"]
[WhiteElo "1164"]
[BlackElo "2328"]
[PlyCount "96"]
[EventDate "2016.10.09"]
[EventType "tourn (corr)"]
[EventRounds "4"]
[EventCountry "GER"]
[SourceTitle "Corr 2022"]
[Source "ChessBase"]
[SourceDate "2021.10.24"]
[SourceVersion "1"]
[SourceVersionDate "2021.10.24"]
[SourceQuality "1"]

1. e4 c5 2. Nf3 e6 3. b3 d6 4. Bb2 Nc6 5. Bb5 Bd7 6. 0-0 Nf6 7. Re1 a6 8. Bf1 Be7 9. d3 0-0 10. Nbd2 d5 11. e5 Ng4 12. d4 cxd4 13. h3 Nh6 14. Nxd4 Nxd4 15. Bxd4 Nf5 16. Bb2 Rc8 17. Bd3 Nh4 18. Qh5 g6 19. Qg4 Bb5 20. Nf1 Bxd3 21. cxd3 Rc2 22. Bd4 Nf5 23. Ne3 h5 24. Qd1 Rxf2 25. Nxf5 Rxf5 26. Rf1 Bg5 27. Rxf5 exf5 28. Qf3 Re8 29. Re1 Bh6 30. Re2 Re6 31. b4 Qd7 32. Kh2 Qa4 33. Rb2 h4 34. Rf2 Qxb4 35. Qxd5 Bg5 36. Rf1 Qd2 37. Qf3 Rc6 38. Rf2 Qe1 39. Rf1 Qa5 40. Qe2 Qc7 41. Rf2 Rc1 42. Bb2 Rb1 43. Rf1 Rxf1 44. Qxf1 Qc2 45. Bd4 Qxa2 46. Kh1 a5 47. Qf3 Qb1+ 48. Kh2 Qc1 0-1

[Event "CP-2016-P-00041"]
[Site "LSS email"]
[Date "2016.09.27"]
[Round "?"]
[White "Ardila Barrera, Fernando"]
[Black "Gumentchuk, Leksandr"]
[Result "1-0"]
[WhiteElo "2348"]
[BlackElo "1534"]
[PlyCount "103"]
[EventDate "2016.10.01"]
[EventType "tourn (corr)"]
[EventRounds "6"]
[EventCountry "GER"]
[SourceTitle "Corr 2022"]
[Source "ChessBase"]
[SourceDate "2021.10.24"]
[SourceVersion "1"]
[SourceVersionDate "2021.10.24"]
[SourceQuality "1"]

1. d4 d5 2. c4 dxc4 3. e3 Nf6 4. Nf3 c5 5. Bxc4 e6 6. 0-0 cxd4 7. exd4 Nc6 8. Nc3 Be7 9. Bf4 0-0 10. Re1 b6 11. d5 Na5 12. Bd3 exd5 13. Rc1 Bb7 14. Nb5 Bb4 15. Bc7 Qd7 16. Ne5 Qe7 17. Re2 Ne4 18. a3 Bc5 19. b4 Bxf2+ 20. Rxf2 Nxf2 21. Kxf2 a6 22. bxa5 axb5 23. axb6 Rxa3 24. Nf3 b4 25. Qe1 Qf6 26. Rd1 b3 27. Bb1 Rfa8 28. Kg1 R3a4 29. Qe3 Rb4 30. Nd4 b2 31. Qd2 Rxb6 32. Qd3 g6 33. Rf1 Ba6 34. Rxf6 Bxd3 35. Rxb6 Ra1 36. Rxb2 Rxb1+ 37. Rxb1 Bxb1 38. Be5 h5 39. Bf6 Kf8 40. Nf3 Ke8 41. g3 Kd7 42. Ng5 Be4 43. Nxe4 dxe4 44. Bb2 Ke6 45. Kf2 Kf5 46. h3 Kg5 47. Bc1+ Kf6 48. Ke3 Ke5 49. Bb2+ Kd5 50. h4 f5 51. Bc3 Kc4 52. Be1 1-0

[Event "CP-2016-P-00041"]
[Site "LSS email"]
[Date "2016.09.27"]
[Round "?"]
[White "Zholob, Anatolij"]
[Black "Ardila Barrera, Fernando"]
[Result "1-0"]
[WhiteElo "2031"]
[BlackElo "2348"]
[PlyCount "125"]
[EventDate "2016.10.01"]
[EventType "tourn (corr)"]
[EventRounds "6"]
[EventCountry "GER"]
[SourceTitle "Corr 2022"]
[Source "ChessBase"]
[SourceDate "2021.10.24"]
[SourceVersion "1"]
[SourceVersionDate "2021.10.24"]
[SourceQuality "1"]

1. d4 d5 2. c4 e6 3. Nf3 Nf6 4. Nc3 c6 5. e3 Nbd7 6. Qc2 Bd6 7. g4 h6 8. Rg1 b5 9. cxb5 c5 10. h4 Bb7 11. a4 Rc8 12. a5 Ne4 13. Qb3 cxd4 14. exd4 0-0 15. g5 h5 16. Be3 Qe7 17. Rc1 e5 18. Be2 exd4 19. Nxd4 Nxc3 20. bxc3 g6 21. a6 Ba8 22. Kf1 Ne5 23. Re1 Qd7 24. Kg2 Rc5 25. f3 Rfc8 26. b6 Rxc3 27. Qb2 axb6 28. Bf2 Kh7 29. Bb5 Qd8 30. Re3 Rxe3 31. Bxe3 Rc4 32. Qe2 Qc8 33. Bf4 Rxd4 34. Bxe5 Bxe5 35. Qxe5 Rxh4 36. Bd3 Qh3+ 37. Kf2 Qh2+ 38. Qxh2 Rxh2+ 39. Ke3 Rh4 40. Rb1 d4+ 41. Ke2 Rh2+ 42. Ke1 h4 43. Rxb6 h3 44. Rf6 Bd5 45. Rf4 Kg7 46. Bf1 d3 47. Rd4 Be6 48. Bxd3 Rg2 49. Rh4 Rxg5 50. Bf1 Ra5 51. Bxh3 g5 52. Rh5 Bxh3 53. Rxh3 Rxa6 54. Kf2 Ra2+ 55. Kg3 Ra3 56. Rh5 f6 57. Kg2 Ra1 58. Kf2 Kg6 59. Rh8 Ra2+ 60. Kg3 Rb2 61. Rg8+ Kf7 62. Ra8 f5 63. Ra6 1-0

[Event "OP-2016-0-04158"]
[Site "LSS email"]
[Date "2016.09.15"]
[Round "?"]
[White "Ardila Barrera, Fernando"]
[Black "Tanti, Joseph"]
[Result "1/2-1/2"]
[WhiteElo "2361"]
[BlackElo "1797"]
[PlyCount "66"]
[EventDate "2016.09.07"]
[EventType "tourn (corr)"]
[EventRounds "4"]
[EventCountry "GER"]
[SourceTitle "Corr 2022"]
[Source "ChessBase"]
[SourceDate "2021.10.24"]
[SourceVersion "1"]
[SourceVersionDate "2021.10.24"]
[SourceQuality "1"]

1. d4 d5 2. c4 e6 3. Nf3 Nf6 4. Nc3 c6 5. Bg5 dxc4 6. e4 b5 7. e5 h6 8. Bh4 g5 9. Nxg5 hxg5 10. Bxg5 Nbd7 11. exf6 Bb7 12. g3 c5 13. d5 Qb6 14. Bg2 0-0-0 15. 0-0 b4 16. Rb1 Qa6 17. dxe6 Bxg2 18. e7 Bxf1 19. Kxf1 Qc6 20. exd8Q+ Kxd8 21. Nd5 Rxh2 22. Kg1 Rh8 23. Rc1 Bd6 24. Bh4 Be5 25. Ne7 Qd6 26. Qxd6 Bxd6 27. Rxc4 Ne5 28. Re4 Rh5 29. b3 Kd7 30. Kg2 Nd3 31. Re2 Nf4+ 32. gxf4 Rxh4 33. Nd5 Rh5 1/2-1/2

[Event "OP-2016-0-04158"]
[Site "LSS email"]
[Date "2016.09.15"]
[Round "?"]
[White "Lenz, Juergen"]
[Black "Ardila Barrera, Fernando"]
[Result "0-1"]
[WhiteElo "1135"]
[BlackElo "2361"]
[PlyCount "32"]
[EventDate "2016.09.07"]
[EventType "tourn (corr)"]
[EventRounds "4"]
[EventCountry "GER"]
[SourceTitle "Corr 2022"]
[Source "ChessBase"]
[SourceDate "2021.10.24"]
[SourceVersion "1"]
[SourceVersionDate "2021.10.24"]
[SourceQuality "1"]

1. d4 d5 2. Nf3 Nf6 3. Bf4 Bf5 4. e3 e6 5. Bd3 Bd6 6. Ne5 Bxd3 7. cxd3 Nfd7 8. Bg3 Nxe5 9. dxe5 Be7 10. 0-0 c5 11. d4 cxd4 12. exd4 Nc6 13. Qb3 Nxd4 14. Qxb7 Qb8 15. Qxb8+ Rxb8 16. Na3 Rxb2 0-1

[Event "OP-2016-0-04151"]
[Site "LSS email"]
[Date "2016.09.06"]
[Round "?"]
[White "Thomae, Eberhard"]
[Black "Ardila Barrera, Fernando"]
[Result "0-1"]
[WhiteElo "1839"]
[BlackElo "2373"]
[PlyCount "92"]
[EventDate "2016.09.03"]
[EventType "tourn (corr)"]
[EventRounds "4"]
[EventCountry "GER"]
[SourceTitle "Corr 2022"]
[Source "ChessBase"]
[SourceDate "2021.10.24"]
[SourceVersion "1"]
[SourceVersionDate "2021.10.24"]
[SourceQuality "1"]

1. e4 e6 2. d4 d5 3. Nc3 Nf6 4. Bg5 Be7 5. e5 Nfd7 6. Bxe7 Qxe7 7. f4 0-0 8. Nf3 c5 9. Bd3 Nc6 10. Bxh7+ Kxh7 11. Ng5+ Kg6 12. Qd3+ f5 13. Qg3 Nf6 14. Nxe6+ Kf7 15. Nxf8 Kxf8 16. 0-0 Ne8 17. Nxd5 Qf7 18. c4 cxd4 19. Qa3+ Kg8 20. b4 b5 21. cxb5 Nxe5 22. Nb6 Nc4 23. Nxc4 Qxc4 24. Rac1 Qxb5 25. Qb3+ Kf8 26. Rc5 Qd7 27. Qd3 Bb7 28. Rxf5+ Nf6 29. Rd1 Rd8 30. a3 Qe6 31. Re5 Qg4 32. Qd2 d3 33. h3 Qd7 34. Qe3 Qc6 35. Qc5+ Qxc5+ 36. Rxc5 d2 37. Rf5 Be4 38. Rc5 Bg6 39. Kf1 Bd3+ 40. Kf2 Ne4+ 41. Ke3 Nxc5 42. bxc5 Bf1 43. Rxd2 Rxd2 44. Kxd2 Bxg2 45. h4 Kf7 46. Kd3 Kg6 0-1

[Event "SM-2016-0-00358"]
[Site "LSS email"]
[Date "2016.08.16"]
[Round "?"]
[White "Woelfelschneider, Peter"]
[Black "Ardila Barrera, Fernando"]
[Result "1/2-1/2"]
[WhiteElo "2343"]
[BlackElo "2374"]
[PlyCount "43"]
[EventDate "2016.05.22"]
[EventType "tourn (corr)"]
[EventRounds "6"]
[EventCountry "GER"]
[SourceTitle "Corr 2022"]
[Source "ChessBase"]
[SourceDate "2021.10.24"]
[SourceVersion "1"]
[SourceVersionDate "2021.10.24"]
[SourceQuality "1"]

1. d4 d5 2. c4 c6 3. cxd5 cxd5 4. Bf4 Nc6 5. e3 Bf5 6. Qb3 Qd7 7. Nc3 e6 8. Nf3 f6 9. Bb5 h5 10. h4 Rc8 11. Rc1 a6 12. Bxc6 Rxc6 13. 0-0 Qc8 14. Nd2 Ne7 15. Rfe1 Kf7 16. e4 dxe4 17. Ndxe4 Bxe4 18. Nxe4 Nd5 19. Qf3 Be7 20. Bd2 Rxc1 21. Bxc1 Qc6 22. a3 1/2-1/2

[Event "RM-2016-0-00170"]
[Site "LSS email"]
[Date "2016.08.10"]
[Round "?"]
[White "Ardila Barrera, Fernando"]
[Black "Salzmann, Stefan"]
[Result "1/2-1/2"]
[WhiteElo "2373"]
[BlackElo "2325"]
[PlyCount "46"]
[EventDate "2016.04.28"]
[EventType "tourn (corr)"]
[EventRounds "6"]
[EventCountry "GER"]
[SourceTitle "Corr 2022"]
[Source "ChessBase"]
[SourceDate "2021.10.24"]
[SourceVersion "1"]
[SourceVersionDate "2021.10.24"]
[SourceQuality "1"]

1. d4 Nf6 2. c4 e6 3. Nf3 b6 4. a3 Bb7 5. Nc3 d5 6. Bf4 Bd6 7. Bg3 0-0 8. e3 Nbd7 9. cxd5 Nxd5 10. Nxd5 Bxd5 11. Qc2 h6 12. Ba6 Rb8 13. Qe2 Bxg3 14. hxg3 c5 15. 0-0 cxd4 16. Nxd4 Nc5 17. Bc4 Bxc4 18. Qxc4 Rc8 19. Rac1 Qd7 20. Rfd1 Rfd8 21. Qf1 Qa4 22. Kh2 a6 23. Qe2 Qe8 1/2-1/2

[Event "RM-2016-0-00170"]
[Site "LSS email"]
[Date "2016.08.10"]
[Round "?"]
[White "McLeod, Sylvester"]
[Black "Ardila Barrera, Fernando"]
[Result "1/2-1/2"]
[WhiteElo "2296"]
[BlackElo "2373"]
[PlyCount "110"]
[EventDate "2016.04.28"]
[EventType "tourn (corr)"]
[EventRounds "6"]
[EventCountry "GER"]
[SourceTitle "Corr 2022"]
[Source "ChessBase"]
[SourceDate "2021.10.24"]
[SourceVersion "1"]
[SourceVersionDate "2021.10.24"]
[SourceQuality "1"]

1. d4 d5 2. c4 dxc4 3. Nf3 e6 4. e3 Nf6 5. Bxc4 a6 6. 0-0 b5 7. Bd3 c5 8. dxc5 Bxc5 9. a4 b4 10. Qe2 Nbd7 11. e4 Be7 12. Be3 Ng4 13. Nbd2 Nxe3 14. Qxe3 0-0 15. Nb3 Bb7 16. Rfd1 Qe8 17. h3 h6 18. Rac1 Rc8 19. Na5 Rxc1 20. Qxc1 Bc8 21. Bb1 b3 22. e5 Nb6 23. Rd4 Nxa4 24. Nxb3 Bb7 25. Na5 Bxf3 26. gxf3 Nb6 27. Nc6 Nd5 28. Qc2 g6 29. Ba2 Nc7 30. Kg2 Kg7 31. Qe4 Nb5 32. Rd1 Bh4 33. Bc4 Qc8 34. Bxb5 axb5 35. Rd6 Bg5 36. h4 Bd8 37. Qd3 Bxh4 38. Qd4 g5 39. Qa7 Qe8 40. Rd7 h5 41. Qb7 g4 42. fxg4 hxg4 43. b3 Kh6 44. Nd4 b4 45. Nxe6 fxe6 46. Rh7+ Kg5 47. Qg7+ Kf5 48. Rxh4 Qc6+ 49. Kh2 Qc5 50. Qxg4+ Kxe5 51. Qg3+ Kd5 52. Kg2 Qc3 53. Qxc3 bxc3 54. Rc4 Rg8+ 55. Kf1 Rb8 1/2-1/2

[Event "RM-2016-0-00170"]
[Site "LSS email"]
[Date "2016.08.10"]
[Round "?"]
[White "Schormann, Conrad"]
[Black "Ardila Barrera, Fernando"]
[Result "1/2-1/2"]
[WhiteElo "2130"]
[BlackElo "2373"]
[PlyCount "118"]
[EventDate "2016.04.28"]
[EventType "tourn (corr)"]
[EventRounds "6"]
[EventCountry "GER"]
[SourceTitle "Corr 2022"]
[Source "ChessBase"]
[SourceDate "2021.10.24"]
[SourceVersion "1"]
[SourceVersionDate "2021.10.24"]
[SourceQuality "1"]

1. d4 d5 2. Nf3 Nf6 3. c4 c6 4. e3 Bf5 5. Nc3 e6 6. Nh4 Bg6 7. Nxg6 hxg6 8. Bd3 Qc7 9. h3 Be7 10. 0-0 0-0 11. Bd2 Nbd7 12. Rc1 Rfd8 13. Qc2 dxc4 14. Bxc4 Nb6 15. Bb3 Rac8 16. Qb1 Qb8 17. Rfd1 Nbd7 18. Be1 a6 19. Ne2 Qa8 20. e4 b6 21. Bc3 c5 22. d5 e5 23. Bd2 b5 24. Bc2 c4 25. b4 cxb3 26. Qxb3 Nb6 27. Ba5 Bc5 28. Qf3 Qb8 29. Bd3 Qd6 30. Bd2 Ba3 31. Rb1 Nc4 32. Bc3 Qe7 33. Ba1 Rc7 34. Ng3 Nd7 35. Qg4 Rb8 36. h4 Rb6 37. Ne2 Rf6 38. Bc3 Qd6 39. Qg3 Qe7 40. Be1 Ndb6 41. Bc3 Rc8 42. Qh3 Re8 43. g4 Qd7 44. Kg2 Qc8 45. Be1 Nb2 46. Rdc1 N6c4 47. Bc2 a5 48. g5 Rb6 49. Qf3 a4 50. Ba5 Nxa5 51. Qxa3 Nac4 52. Qg3 a3 53. Bb3 Rf8 54. f4 exf4 55. Nxf4 Re8 56. Re1 Qc5 57. Re2 Qd4 58. Rbe1 Qe5 59. Rh1 Na4 1/2-1/2

[Event "OP-2016-0-04107"]
[Site "LSS email"]
[Date "2016.07.23"]
[Round "?"]
[White "Ardila Barrera, Fernando"]
[Black "Alonso Higelmo, Maria Isabel"]
[Result "1-0"]
[WhiteElo "2372"]
[BlackElo "1428"]
[PlyCount "51"]
[EventDate "2016.07.19"]
[EventType "tourn (corr)"]
[EventRounds "4"]
[EventCountry "GER"]
[SourceTitle "Corr 2022"]
[Source "ChessBase"]
[SourceDate "2021.10.24"]
[SourceVersion "1"]
[SourceVersionDate "2021.10.24"]
[SourceQuality "1"]

1. d4 c5 2. d5 d6 3. e4 Nf6 4. Bd3 g6 5. Nf3 Bg4 6. 0-0 Nbd7 7. h3 Bxf3 8. Qxf3 Bg7 9. Be2 0-0 10. Nc3 a6 11. a4 Qa5 12. Bd2 Qb6 13. a5 Qc7 14. g4 b5 15. axb6 Nxb6 16. Bxa6 c4 17. Qe3 Nfd7 18. Bb5 Nc5 19. Bc6 Rxa1 20. Rxa1 e6 21. Nb5 Qd8 22. Bb4 exd5 23. exd5 Qf6 24. Ra2 Nc8 25. Nxd6 Nxd6 26. Bxc5 1-0

[Event "OP-2016-0-04090"]
[Site "LSS email"]
[Date "2016.07.06"]
[Round "?"]
[White "Ardila Barrera, Fernando"]
[Black "Verich, Oleg"]
[Result "1-0"]
[WhiteElo "2379"]
[BlackElo "1133"]
[PlyCount "53"]
[EventDate "2016.07.02"]
[EventType "tourn (corr)"]
[EventRounds "4"]
[EventCountry "GER"]
[SourceTitle "Corr 2022"]
[Source "ChessBase"]
[SourceDate "2021.10.24"]
[SourceVersion "1"]
[SourceVersionDate "2021.10.24"]
[SourceQuality "1"]

1. d4 Nf6 2. c4 e6 3. Nf3 Bb4+ 4. Nbd2 0-0 5. e3 c5 6. a3 Bxd2+ 7. Bxd2 cxd4 8. exd4 Ne4 9. Be3 d6 10. Bd3 f5 11. 0-0 d5 12. cxd5 exd5 13. Ne5 f4 14. Bxe4 dxe4 15. Qb3+ Kh8 16. Bd2 Qf6 17. Rfe1 Nc6 18. Rxe4 Nxd4 19. Rxd4 Qxe5 20. Qb4 Bg4 21. Re1 Qc7 22. h3 Bh5 23. Re7 Qc2 24. Rdd7 Rg8 25. Bc3 Qg6 26. Qxb7 f3 27. Rxg7 1-0

[Event "OP-2016-0-04074"]
[Site "LSS email"]
[Date "2016.06.23"]
[Round "?"]
[White "Ardila Barrera, Fernando"]
[Black "Muniz Pardino, Alberto"]
[Result "1-0"]
[WhiteElo "2380"]
[BlackElo "2105"]
[PlyCount "89"]
[EventDate "2016.06.11"]
[EventType "tourn (corr)"]
[EventRounds "4"]
[EventCountry "GER"]
[SourceTitle "Corr 2022"]
[Source "ChessBase"]
[SourceDate "2021.10.24"]
[SourceVersion "1"]
[SourceVersionDate "2021.10.24"]
[SourceQuality "1"]

1. d4 Nf6 2. c4 g6 3. Nc3 d5 4. cxd5 Nxd5 5. e4 Nxc3 6. bxc3 Bg7 7. Bc4 c5 8. Nf3 0-0 9. 0-0 Nc6 10. Rb1 cxd4 11. cxd4 Nxd4 12. Nxd4 Qxd4 13. Qe2 Rd8 14. Bg5 Qc5 15. Bd5 h6 16. Rfc1 Qa3 17. Be3 e6 18. Bxb7 Rb8 19. Rb3 Qa5 20. Bd5 Rxb3 21. Bxb3 Bb7 22. f3 Bd4 23. Kh1 Bxe3 24. Qxe3 Kh7 25. Qf4 Rd7 26. h3 h5 27. Kh2 Kg7 28. h4 Ba6 29. Qb8 Qb5 30. Qxb5 Bxb5 31. Kg3 Kf6 32. Kf4 Rd4 33. Rc7 Rd7 34. e5+ Ke7 35. Rxd7+ Bxd7 36. g4 Bc6 37. Bc2 Bd5 38. a3 hxg4 39. fxg4 f5 40. exf6+ Kxf6 41. g5+ Kf7 42. Ke5 Bc4 43. a4 Ba2 44. a5 Bc4 45. Kd6 1-0

[Event "ZH-2016-0-01485"]
[Site "LSS email"]
[Date "2016.06.12"]
[Round "?"]
[White "Schenning, Albert"]
[Black "Ardila Barrera, Fernando"]
[Result "1/2-1/2"]
[WhiteElo "2196"]
[BlackElo "2384"]
[PlyCount "124"]
[EventDate "2016.06.09"]
[EventType "match (corr)"]
[EventRounds "2"]
[EventCountry "GER"]
[SourceTitle "Corr 2022"]
[Source "ChessBase"]
[SourceDate "2021.10.24"]
[SourceVersion "1"]
[SourceVersionDate "2021.10.24"]
[SourceQuality "1"]

1. e4 e6 2. d4 d5 3. Nc3 Nf6 4. Bg5 Bb4 5. e5 h6 6. Bd2 Bxc3 7. bxc3 Ne4 8. Qg4 Kf8 9. h4 c5 10. Rh3 Nc6 11. Bd3 Nxd2 12. Kxd2 c4 13. Be2 Kg8 14. Rg3 Rh7 15. Qf4 Bd7 16. Bh5 Qe7 17. Rb1 b6 18. Nf3 Rf8 19. Nh2 Be8 20. Ke2 f5 21. Bxe8 Qxe8 22. Rh3 g6 23. Nf3 Qe7 24. Qc1 Kh8 25. Kf1 Kg7 26. g3 Kf7 27. a4 Ke8 28. Rh1 Kd8 29. Ra1 Kc8 30. Qa3 Qf7 31. Kg2 Kb7 32. Qb2 Ka8 33. Qb5 Qe8 34. Nh2 Rg7 35. Nf3 Qc8 36. Ng1 f4 37. Nf3 Rgf7 38. g4 Rc7 39. Rhg1 Rh7 40. Rh1 Rc7 41. Rhg1 Re7 42. Rh1 Rg8 43. Rhg1 Ree8 44. Rh1 Qb7 45. Rhg1 Rc8 46. Rgb1 Rg7 47. Rg1 Rf7 48. Rh1 Re7 49. Rhg1 Ree8 50. Rgb1 Qc7 51. Rh1 Qb7 52. Rhb1 Rb8 53. Rg1 Rh8 54. Rh1 Qc8 55. Rhg1 Qb7 56. Rh1 Rhg8 57. Rhg1 Rbc8 58. Rgb1 Qc7 59. Rg1 Rh8 60. Qa6 Qd7 61. Qb5 Qc7 62. Qa6 Rhf8 1/2-1/2